| 000 | nam a22 a 4500 | ||
|---|---|---|---|
| 999 |
_c464052 _d464052 |
||
| 003 | BLK | ||
| 005 | 20220629122641.0 | ||
| 008 | 220629b bu |||||r|||| 00| | bu d | ||
| 040 | _aBLK | ||
| 041 |
_aBUL _cBUL |
||
| 080 |
_aМетоди на управление. Организационна структура на предприятията _b65.012/.014 _x(061.3) _z65.012(061.3) |
||
| 080 |
_aМашини и устройства за обработка на данни. Вж и 004; 003; 007; 621.391; 65.011.56 _b681.3 _x-523.8(061.3) _z681.3-523.8(061.3) |
||
| 139 | _aМатематически методи и електронноизчислителна техника в стопанската дейност на предприятията от промишлеността и строителството | ||
| 245 |
_aМатематически методи и електронноизчислителна техника в стопанската дейност на предприятията от промишлеността и строителството _bСб. науч. студии от конф., състояла се на 18 и 19 дек. в гр. Варна _cред. кол. К. Кънчев - отг. ред. и др. ; обща ред. Л. Станев |
||
| 260 |
_9212233 _aВарна _bДърж. изд. _c1971 |
||
| 300 |
_a356 с. _bс табл. _c20 см |
||
| 380 | _a62 | ||
| 490 |
_9206098 _aМатематически методи в икономиката |
||
| 500 | _aДруги ред. : Л. Станев, Г. Димитров, А. Щерев, П. Генов, К. Бонев, С. Христов ; Пълното име на ред. Г. Димитров е Георги Димитров Георгиев 1 580 тир Библиогр. след някои от студиите | ||
| 650 | 0 |
_9476812 _aПромишлени предприятия - управление |
|
| 650 | 0 |
_9263018 _aСтроителни организации и предприятия - организация и управление |
|
| 653 | 7 |
_9190636 _aматематически методи |
|
| 700 |
_9523 _aКънчев, Кънчо П. _eглав. ред. |
||
| 700 |
_9723 _aСтанев, Любомир К. _eобща ред. на |
||
| 852 |
_aЦб 57662 _bЦб |
||
| 942 |
_cKNG _n0 _s1 |
||
| 944 |
_aCR _c2022-06-29 _kВП |
||